Diseño de pavimento con adoquín tramo puente Solingalpa-Escuela Solingalpa en el municipio de Matagalpa
El presente proyecto pretende dar solución mediante el diseño de una estructura de pavimento con adoquín y su drenaje longitudinal y transversal correspondiente, abarcando la calle principal, del puente Solingalpa hasta escuela Solingalpa con un área de 5,664 metros cuadrados.
| Main Authors: | , |
|---|---|
| Other Authors: | |
| Format: | Tesis Section = Libro |
| Language: | Undetermined Spanish |
| Published: |
Managua
UNI
2012
|
| Subjects: |
| LEADER | 01120nam a2200265Ia 4500 | ||
|---|---|---|---|
| 008 | 240830s9999 xx 000 0 und d | ||
| 040 | |a BIBLIOTECA-RUPAP T.Mon 625.85 G756 | ||
| 041 | |a spa | ||
| 082 | |a T.Mon 625.85 G756 | ||
| 100 | 1 | |a Granera Caldera, Rodolfo Mario | |
| 100 | 1 | |b Ríos Urbina | |
| 245 | 1 | 0 | |a Diseño de pavimento con adoquín tramo puente Solingalpa-Escuela Solingalpa en el municipio de Matagalpa |
| 260 | |a Managua |b UNI |c 2012 | ||
| 300 | |a 45 p. :il. | ||
| 500 | |a Contiene: anexos. | ||
| 502 | |a Tesis (Ingeniero Civil)- UNI, 2012. | ||
| 520 | 3 | |a El presente proyecto pretende dar solución mediante el diseño de una estructura de pavimento con adoquín y su drenaje longitudinal y transversal correspondiente, abarcando la calle principal, del puente Solingalpa hasta escuela Solingalpa con un área de 5,664 metros cuadrados. | |
| 650 | 7 | |a PAVIMENTOS | |
| 650 | 7 | |b PAVIMENTOS DE HORMIGON | |
| 650 | 7 | |c PAVIMENTOS-DISEÑO Y CONSTRUCCION | |
| 650 | 7 | |d PUENTES-DISEÑO Y CONSTRUCCION | |
| 700 | 1 | |a Tutor: |b Calvo Rojas, Lucas Bernardo | |
| 942 | |c BK |2 ddc | ||
| 991 | |a TESIS | ||
| 999 | |c 18338 | ||